| 000 | 00862nam a2200205 a 4500 | ||
|---|---|---|---|
| 001 | 000041335 | ||
| 005 | 20201002034811.0 | ||
| 008 | 130917s1987 sp 000 0 spa d | ||
| 020 | _a8400071905 | ||
| 040 |
_aDO-SdBNP _bspa _cBNPHU |
||
| 100 | 1 |
_aHuertas García-Alejo, Rafael. _914899 |
|
| 245 | 1 | 0 |
_aEl delincuente y su patología : _bmedicina, crimen y sociedad en el positivismo argentino / _cRafael Huertas García-Aleo. |
| 260 |
_aMadrid : _bConsejo Superior de Investigaciones Científicas, _c1987. |
||
| 300 |
_a199 p. ; _c18 cm. |
||
| 490 | 1 |
_aCuadernos Galileo de Historia de la Ciencia _v12 |
|
| 504 | _aIncluye referencias bibliográficas y notas al pie de las páginas | ||
| 504 | _abibliografías | ||
| 710 | 2 |
_aConsejo Superior de Investigaciones Científicas,(España) _967570 |
|
| 830 | 0 |
_aCuadernos Galileo de Historia de la Ciencia _n12 _967978 |
|
| 999 |
_c40825 _d40825 |
||